000 00985nam a2200265 a 4500
001 57078
003 BD-RjUL
005 20211209080451.0
008 161205s1985 bg ||||| |||| 00| 0 ben d
035 _a(BD-RjUL)57202
040 _aBD-RjUL
_bben
_cBD-RjUL
_dBD-RjUL
041 _aben
082 _223
_a030
_bAHB 1985
100 1 _aআহমেদ, শফি
_9124508
245 1 0 _aবিশ্বকোষ /
_cশফি আহমেদ
260 _aঢাকা :
_bবাংলা একাডেমী,
_c১৯৮৫
300 _a[৪], ১১১ পৃ. ;
_c২৩ সেমি.
490 _aভাষা-শহীদ গ্রন্থমালা
490 _aবা/এ ;
_v১৭৫৭
650 _aবিশ্বকোষ এবং অভিধান
_9169124
650 _aEncyclopedias and dictionaries.
_9124562
830 _aভাষা-শহীদ গ্রন্থমালা
_9236736
830 _aবা/এ ;
_v১৭৫৭
_9236737
942 _2ddc
_cBK
999 _c57078
_d57078